Statistics for RPDR Queens With The Most Challenge Wins.

Click here to take the quiz!

General Stats

  • This quiz has been taken 98 times
    (34 since last reset)
  • The average score is 11 of 18

Answer Stats

WinsQueen% Correct
7BenDeLaCreme
92%
6Monet X Change
88%
11Trinity the Tuck
88%
6Alaska Thunderf*ck 5000
84%
8Shea Coulee
84%
7Jinkx Monsoon
80%
5Katya Zamolodchikova
76%
5Raja Gemini
76%
5Shangela Laquifa Wadley
68%
5Jaida Essence Hall
64%
7Manila Luzon
64%
5Ginger Minj
60%
6The Vivienne
60%
5Chad Michaels
52%
3Violet Chachki
24%
3Adore Delano
12%
5Rita Baga
12%
6Angele Anang
0%

Score Distribution

Percentile by Number Answered

Percent of People with Each Score

Your Score History

You have not taken this quiz since the last reset